| 000 | 00478nam a2200205 a 4500 | ||
|---|---|---|---|
| 001 | 11179 | ||
| 003 | CO-ViMGA | ||
| 008 | 141112s2004 ck r 000 u spa d | ||
| 020 | _a8426411835 | ||
| 040 |
_aCO-ViMGA _bspa _cCO-ViMGA |
||
| 082 | _a823.8 J69u2 | ||
| 100 | 1 | _aJoyce, James | |
| 245 | 1 | 0 | _aUlises |
| 250 | _a4 | ||
| 260 |
_aBarcelona, _cLiberduplex, _c1998 |
||
| 300 | _a683 p. | ||
| 490 | _aPalabra en el tiempo | ||
| 650 | 1 | 4 | _aNOVELA INGLESA |
| 942 |
_2ddc _cBK |
||
| 999 |
_c10747 _d10747 |
||